| 000 | 01108nam a22003377a 4500 | ||
|---|---|---|---|
| 003 | CHAP | ||
| 005 | 20220329134309.0 | ||
| 008 | 971013s1977 r 00010 d | ||
| 010 | _a18331 | ||
| 011 | _a19303 | ||
| 035 | _a23388 | ||
| 040 | _cCHAP | ||
| 082 |
_a574.875 _bJ8 |
||
| 100 | 0 | 0 |
_aJungreis, Arthur M. _eed. _962354 |
| 245 | _aWater relations in membrane transport in plants and animals | ||
| 260 |
_aNew York : _bAcademic Press, _c1977 |
||
| 300 |
_a393 p. _b: ilus |
||
| 490 | _aAcademic press rapid manuscript reproduction | ||
| 590 |
_aBATCH-UPD _b10 _c20130110 _lUCH01 _h1440 |
||
| 590 |
_aBATCH-UPD _b10 _c20130410 _lUCH01 _h0912 |
||
| 590 |
_aBATCH-UPD _b10 _c20130914 _lUCH01 _h1811 |
||
| 590 |
_aCONVERSION _b10 _c20130109 _lUCH01 _h1311 |
||
| 650 | 1 | 4 |
_aMembranas (Biología) _974496 |
| 650 | 1 | 4 |
_aOsmosis. _984198 |
| 650 | 1 | 4 |
_aPlantas _xContenido de agua. _988802 |
| 650 | 1 | 4 |
_aTransporte biológico. _9114639 |
| 830 | 0 |
_aAcademic press rapid manuscript reproduction _9387 |
|
| 901 | _aBK | ||
| 942 | _cLIBRO | ||
| 949 |
_a574.875 J8 _bBC _cLIBRO _d33724000476669 _eLIBRO _h54922 _i23388 _si |
||
| 999 |
_c18331 _d18331 |
||